Os números de candidatos de cada eleição presidencial 1989-2022 - Statistics

Estatísticas Gerais
  • Esse quiz foi jogado 84 vezes
  • A pontuação média é 7 de 9
Estatísticas das Respostas
Hint Resposta % Correto
PT! 13
100%
Metade do número do Partido das Lábias 11
88%
PP! 11
88%
Mais 4! 12
83%
1 ano de um senador reeleito. 9
81%
Divida o anterior por 2. 6
78%
Mais 1! 7
78%
Os candidatos foram juntos da inflação. 8
75%
Mais de 15. 23
73%
Nenhum quiz correspondente encontrado
Distribuição das Pontuações
Porcentagem de Pessoas com Cada Pontuação
Percentil de Números Respondidos
Sua Pontuação Histórica
Você não jogou esse quiz